| Tag |
First Indicator |
Second Indicator |
Subfields |
| LEADER |
00000cam a2200000 4500 |
| 001 |
in00000030370 |
| 005 |
20151007061552.0 |
| 008 |
750902s1960 nz a 00000 eng |
| 010 |
|
|
|a a 61002257
|
| 035 |
|
|
|a (OCoLC)01591933
|
| 035 |
|
|
|9 AAD2460AM
|
| 040 |
|
|
|a DLC
|c FQG
|d TXA
|d UtOrBLW
|
| 049 |
|
|
|a TXAM
|c [469536]
|
| 090 |
|
|
|a SD397.E8
|b M3
|
| 092 |
|
|
|a 635.977734
|b M177e, 1960
|
| 100 |
1 |
|
|a McWhannell, F. B.
|
| 245 |
1 |
0 |
|a Eucalypts for New Zealand farms, parks, and gardens.
|
| 264 |
|
1 |
|a Hamilton, N.Z. :
|b Paul's Book Arcade,
|c 1960.
|
| 300 |
|
|
|a xxi, 226 pages :
|b illustrations ;
|c 23 cm.
|
| 336 |
|
|
|a text
|b txt
|2 rdacontent
|
| 337 |
|
|
|a unmediated
|b n
|2 rdamedia
|
| 338 |
|
|
|a volume
|b nc
|2 rdacarrier
|
| 650 |
|
0 |
|a Eucalyptus.
|
| 999 |
|
|
|a MARS
|
| 999 |
f |
f |
|s 2be8e5f4-e370-387f-aecc-93119b916a63
|i 4916770f-642b-3dec-a660-804b863b86b6
|t 0
|
| 952 |
f |
f |
|p ric
|a Texas A&M University
|b Rellis Campus
|c Joint Library Facility
|d Remote Storage
|t 0
|e SD397.E8 M3
|h Library of Congress classification
|i unmediated -- volume
|m A14801087426
|
| 998 |
f |
f |
|a SD397.E8 M3
|t 0
|l Remote Storage
|